000 00607nam a2200241 a 4500
001 nice12345678
003 IN_TiNIC
005 20260116011552.0
008 050524s1951 lona grp 000 0 eng
020 _a
_c0
082 0 0 _a956.91
_bHIT
100 _aHitti, Philip K
245 _aHistory of Syria
_b Including Lebanon and Palestine
260 _aLondon
_bMacmillan and Co.
_c1951
300 _a749p
500 _aincludes index and biblioraphy
505 2 _aIndex, Illustrations
650 _aSyria-History
700 1 _aHitti, Philip K
902 _bSRS
942 _cBK
999 _c2663
_d2663